|
|
|
|
| LEADER |
00851nam a22002297a 4500 |
| 001 |
AAL573 |
| 003 |
BD-DhAAL |
| 005 |
20160106220715.0 |
| 008 |
160106s 1998naua|||| |||| 001 0 eng d |
| 020 |
|
|
|a 1884122280
|
| 040 |
|
|
|a BD-DhAAL
|c BD-DhAAL
|
| 082 |
|
|
|a 333.7
|
| 245 |
|
|
|a Valuing the global environment :
|b actions & investments for a 21st century /
|
| 260 |
|
|
|a Washington, D.C. :
|b Global Environment Facility,
|c 1998.
|
| 300 |
|
|
|a 162 p. :
|b ill. ;
|c 26 cm.
|
| 504 |
|
|
|6 Includes index.
|
| 541 |
|
|
|e 573
|
| 650 |
|
|
|a Global environmental change
|x International cooperation.
|9 17224
|
| 650 |
|
|
|a Sustainable development
|x International cooperation.
|9 17225
|
| 942 |
|
|
|2 ddc
|c BK
|
| 999 |
|
|
|c 36559
|d 36559
|
| 952 |
|
|
|0 0
|1 0
|2 ddc
|4 0
|6 333_700000000000000_VAL
|7 0
|9 57539
|a SCL
|b SCL
|c GEN
|d 2016-01-06
|l 0
|o 333.7 VAL
|p 3020000573
|r 2016-01-06
|t 1
|w 2016-01-06
|y BK
|